| 000 | 00866nam a22002057a 4500 | ||
|---|---|---|---|
| 999 |
_c11657 _d11657 |
||
| 003 | AR-CdUCM | ||
| 008 | 190404b ||||| |||| 00| 0 spa d | ||
| 040 |
_aMUNICIPALIDAD PROVINCIAL DEL CUSCO _cBIBLIOTECA MUNICIPAL DEL CUSCO |
||
| 082 |
_a869.56 / 1944 / _bJ25 |
||
| 100 |
_aJaimes Freyre, Ricardo _929122 |
||
| 245 |
_aPoesías completas : _bCon un estudio preliminar sobre la personalidad y la obra del autor, por Eduardo Joubin Colombres / |
||
| 260 |
_aBuenos Aires : _bEditorial claridad, _c1944. |
||
| 300 |
_a246 páginas ; _bFotografías, _c20 cm. |
||
| 505 | _aContenido: Infancia y juventud -- Permanencia en Tucumán -- Conclusión de la vida diplomática -- El camino de los cisnes -- El canto del mal... | ||
| 650 |
_aInfancia y juventud _929123 |
||
| 650 |
_aPoesía peruana _9806 |
||
| 650 |
_aSiglo XX _98 |
||
| 942 |
_2ddc _cLIBROS |
||
| 945 | _adavv | ||